Fractals for the classroom / (Record no. 854)

MARC details
000 -LEADER
fixed length control field 01788cam a2200385 a 4500
005 - DATE AND TIME OF LATEST TRANSACTION
control field 20260322212036.0
008 - FIXED-LENGTH DATA ELEMENTS--GENERAL INFORMATION
fixed length control field data
010 ## - LIBRARY OF CONGRESS CONTROL NUMBER
LC control number 91011998
020 ## - INTERNATIONAL STANDARD BOOK NUMBER
International Standard Book Number 038797346X (pt. 1 : acidfree paper)
020 ## - INTERNATIONAL STANDARD BOOK NUMBER
International Standard Book Number 354097346X (Berlin : pt. 1 : acid-free paper)
020 ## - INTERNATIONAL STANDARD BOOK NUMBER
International Standard Book Number 0387977228 (pt. 2 : acid-free paper)
020 ## - INTERNATIONAL STANDARD BOOK NUMBER
International Standard Book Number 3540977228 (Berlin : pt. 2 : acid-free paper)
020 ## - INTERNATIONAL STANDARD BOOK NUMBER
International Standard Book Number 978-3540973461 (Berlin : pt. 1 : acid-free paper)
020 ## - INTERNATIONAL STANDARD BOOK NUMBER
International Standard Book Number 978-3540977223 (Berlin : pt. 2 : acid-free paper)
020 ## - INTERNATIONAL STANDARD BOOK NUMBER
International Standard Book Number 978-0387973463 (pt. 1 : acid-free paper)
020 ## - INTERNATIONAL STANDARD BOOK NUMBER
International Standard Book Number 978-0387977225 (pt. 2 : acid-free paper)
040 ## - CATALOGING SOURCE
Original cataloging agency DLC
Transcribing agency DLC
Modifying agency DLC
050 00 - LIBRARY OF CONGRESS CALL NUMBER
Classification number QA614.86
Item number .P45 1991
082 00 - DEWEY DECIMAL CLASSIFICATION NUMBER
Classification number 514/.74
Edition information 20
092 ## - LOCALLY ASSIGNED DEWEY CALL NUMBER (OCLC)
Classification number 514.742 P45 1991
001 - CONTROL NUMBER
control field data
245 10 - TITLE STATEMENT
Title Fractals for the classroom /
Statement of responsibility, etc. Heinz-Otto Peitgen & National Council of Teachers of Mathematics.
260 ## - PUBLICATION, DISTRIBUTION, ETC.
Place of publication, distribution, etc. New York :
Name of publisher, distributor, etc. Springer-Verlag,
Date of publication, distribution, etc. c1991-c1992.
300 ## - PHYSICAL DESCRIPTION
Extent 2 v. :
Other physical details ill. (some col.) ;
Dimensions 28 cm.
500 ## - GENERAL NOTE
General note "Complemented by strategic classroom activities, which come in several volumes, co-authored by Evan Maletsky, Terence H. Perciante, and Lee E. Yunker"--Pref., pt. 1.
500 ## - GENERAL NOTE
General note Pt. 1 accompanied by 9 slides (col.).
500 ## - GENERAL NOTE
General note Pt. 2 published in cooperation with the National Council of Teachers of Mathematics.
504 ## - BIBLIOGRAPHY, ETC. NOTE
Bibliography, etc. note Includes bibliographical references and index.
505 0# - FORMATTED CONTENTS NOTE
Formatted contents note pt. 1. Introduction to fractals and chaos -- pt. 2. Complex systems and Mandelbrot set.
650 #0 - SUBJECT ADDED ENTRY--TOPICAL TERM
Topical term or geographic name entry element Fractals.
700 1# - ADDED ENTRY--PERSONAL NAME
Personal name Peitgen, Heinz-Otto,
Dates associated with a name 1945-
710 2# - ADDED ENTRY--CORPORATE NAME
Corporate name or jurisdiction name as entry element National Council of Teachers of Mathematics.
856 41 - ELECTRONIC LOCATION AND ACCESS
Materials specified Table of contents
Uniform Resource Identifier <a href="http://www.loc.gov/catdir/toc/fy036/91011998.html">http://www.loc.gov/catdir/toc/fy036/91011998.html</a>
856 42 - ELECTRONIC LOCATION AND ACCESS
Materials specified Publisher description
Uniform Resource Identifier <a href="http://www.loc.gov/catdir/enhancements/fy0815/91011998-d.html">http://www.loc.gov/catdir/enhancements/fy0815/91011998-d.html</a>
Holdings
Withdrawn status Lost status Damaged status Not for loan Home library Current library Shelving location Date acquired Total checkouts Full call number Barcode Date last seen Price effective from Koha item type
        Franklin Franklin General stacks 22/03/2026   514/.74 20 BC0010879 22/03/2026 22/03/2026 Books